00584nam a2200193 a 4500001001300000003000900013005001700022008004100039020001000080082001700090100002300107245004600130260004200176300000800218500003500226505009100261650001500352700002300367nice12345678IN_TiNIC20260116012200.0050524s1942 seca grp 000 0 eng  ac10000a297.86bALL1 aAllahdin, Abdullah aChallange to All the Nations of the Globe aSecunderabadbAbdullah Allahdinc1942 a53p aincludes index and biblioraphy2 aalso contains nishan-e-asmani, asmani faisla siraj-e-munir and risala tuhfa-e-baghdad. aAhmadiyyah1 aAllahdin, Abdullah